Lights on the royal mummies in the Egyptian Museum : a handbook for tourists /

محفوظ في:

المؤلف الرئيسي: Mohamed, Ahmed Ragab (مؤلف)

مؤلف مشترك: Matḥaf al-miṣrī.

التنسيق: كتاب

اللغة: English

الطبعة: First edition.

الموضوعات:

الوسوم: إضافة وسم

لا توجد وسوم, كن أول من يضع وسما على هذه التسجيلة!

رقم الطلب: DT62 .M7 M6 1964

LEADER 01211namaa2200289 4500
001 19404
003 OSt
005 20210123115512.0
008 130303s1964 ua ae g b 000 0 eng d
952 |0 0  |1 0  |2 lcc  |4 0  |6 DT0062 M7 M6 01964  |7 1  |9 9683  |a ARCE  |b ARCE  |d 2021-01-23  |l 0  |o DT62 .M7 M6 1964  |r 2021-01-23 00:00:00  |w 2021-01-23  |y BK 
999 |c 18031  |d 18031 
040 |c ARCE Library 
050 0 4 |a DT62 .M7 M6 1964 
100 1 |6 880-01  |a Mohamed, Ahmed Ragab,  |e author 
245 1 0 |a Lights on the royal mummies in the Egyptian Museum :   |b a handbook for tourists /   |c Ahmed Ragab Mohamed. 
250 |a First edition. 
264 1 |a Cairo :   |b [publisher not identified],   |c 1964. 
300 |a 195, [2] pages :  |b illustrations, plan ;  |c 17 cm. 
336 |a text  |b txt  |2 rdacontent 
337 |a unmediated  |b n  |2 rdamedia 
338 |a volume  |b nc  |2 rdacarrier 
504 |a Bibliography : page [197] 
650 0 |a Mummies. 
710 2 |a Matḥaf al-miṣrī. 
880 1 |6 100-01/(3/r  |a محمد، أحمد رجب.‪‪‪‪‪‪‪‪‪‪‪‪‪‪‪‪‪‪‪‪‪‪‪‪‪‪‪‪‪‪‪‪‪‪‪‪‪‪‪‪‪‪‪‪‪‪‪‪‪‪‪‪‪‪‪‪‪‪‪ 
901 |a reviewed 
942 |c BK  |2 lcc